|
|
|
|
| LEADER |
00963nta a2200205 i 4500 |
| 001 |
dipl141598 |
| 005 |
20250416104014.0 |
| 008 |
241217s2023 hu om 000 hun d |
| 040 |
|
|
|a SZTE Diploma Repozitórium
|b hun
|
| 041 |
|
|
|a hun
|
| 100 |
1 |
|
|a Kozák Boglárka
|
| 245 |
1 |
0 |
|a Kapunyitási pánik vizsgálata - önbecsülés, észlelt stressz és szociális szorongás tükrében
|h [elektronikus dokumentum] /
|c Boglárka Kozák
|
| 246 |
1 |
0 |
|a Research of the quarter life crisis - in the reflection of self-esteem, perceived stress and social anxiety
|h [elektronikus dokumentum]
|
| 260 |
|
|
|c 2023
|
| 650 |
|
4 |
|a Bölcsészettudományok
|
| 650 |
|
4 |
|a Social sciences
|
| 650 |
|
4 |
|a Psychology
|
| 650 |
|
4 |
|a Psychology, special (including therapy for learning, speech, hearing, visual and other physical and mental disabilities)
|
| 700 |
0 |
2 |
|a Leist Balogh Brigitta
|e ths
|
| 856 |
4 |
0 |
|u https://diploma.bibl.u-szeged.hu/id/eprint/141598/1/2023_kozak_boglarka.pdf
|z Dokumentum-elérés
|